[Event "Budapest SixDays 03 IM"]
[Site "Budapest"]
[Date "2024.04.01"]
[Round "5"]
[White "Mouhamad, Joachin"]
[Black "Horvath, David G"]
[Result "1/2-1/2"]
[WhiteElo "2269"]
[BlackElo "2325"]
[PlyCount "93"]
[EventDate "2024.03.30"]
[EventType "tourn"]
[EventRounds "9"]
[EventCountry "HUN"]
[SourceTitle "CB15_2024"]
[SourceDate "2024.04.10"]
[SourceVersion "1"]
[SourceVersionDate "2024.04.10"]
[SourceQuality "1"]

1. e4 c6 2. Nf3 d5 3. Nc3 dxe4 4. Nxe4 Nf6 5. Qe2 Nxe4 6. Qxe4 Nd7 7. Bc4 Nf6 8. Ne5 e6 9. Qe2 b5 10. Bd3 Qc7 11. a4 Nd5 12. axb5 Nf4 13. Qe4 Nxd3+ 14. cxd3 Bd6 15. Nc4 Bb7 16. Rxa7 Rxa7 17. b6 Qd8 18. bxa7 0-0 19. Qd4 Be7 20. Qxd8 Rxd8 21. Ke2 Ra8 22. b3 Rxa7 23. Bb2 f6 24. Ra1 Rxa1 25. Bxa1 Ba6 26. f4 Kf7 27. Ke3 Ke8 28. g4 Kd7 29. h4 h6 30. h5 c5 31. Bb2 Kc6 32. Ba3 Kd5 33. Nb6+ Kc6 34. Na4 Kd5 35. Nc3+ Kc6 36. Ne4 e5 37. f5 Bb7 38. Nc3 Kb6 39. Na4+ Kb5 40. Nb2 Bd5 41. Nc4 Kc6 42. Bb2 Kb5 43. Bc3 Ka6 44. Ke2 Kb5 45. Ke3 Ka6 46. Kf2 Kb5 47. Ke3 1/2-1/2

[Event "Budapest One Week IM-A 02"]
[Site "Budapest"]
[Date "2024.02.28"]
[Round "5"]
[White "Dudognon, Thibault"]
[Black "Horvath, David G"]
[Result "1/2-1/2"]
[WhiteElo "2383"]
[BlackElo "2330"]
[PlyCount "21"]
[EventDate "2024.02.26"]
[EventType "tourn"]
[EventRounds "9"]
[EventCountry "HUN"]
[EventCategory "1"]
[SourceTitle "CB11_2024"]
[SourceDate "2024.03.13"]
[SourceVersion "1"]
[SourceVersionDate "2024.03.13"]
[SourceQuality "1"]

1. e4 e6 2. d4 d5 3. Nd2 c5 4. exd5 Qxd5 5. Ngf3 cxd4 6. Bc4 Qd7 7. 0-0 a6 8. a4 Nc6 9. Qe2 Nf6 10. Rd1 Bd6 11. Nb3 1/2-1/2

[Event "Budapest One Week IM-A 02"]
[Site "Budapest"]
[Date "2024.02.28"]
[Round "4"]
[White "Horvath, David G"]
[Black "Hoolt, Sarah"]
[Result "1/2-1/2"]
[WhiteElo "2330"]
[BlackElo "2281"]
[PlyCount "81"]
[EventDate "2024.02.26"]
[EventType "tourn"]
[EventRounds "9"]
[EventCountry "HUN"]
[EventCategory "1"]
[SourceTitle "CB11_2024"]
[SourceDate "2024.03.13"]
[SourceVersion "1"]
[SourceVersionDate "2024.03.13"]
[SourceQuality "1"]

1. Nf3 Nf6 2. c4 e6 3. b3 d5 4. Bb2 c5 5. cxd5 exd5 6. g3 Nc6 7. Bg2 Bg4 8. 0-0 d4 9. Na3 Be7 10. h3 Bh5 11. e3 0-0 12. g4 Bg6 13. Nc4 h5 14. Nfe5 Nxe5 15. Nxe5 Be4 16. exd4 cxd4 17. Re1 Bxg2 18. Kxg2 Rc8 19. Nd3 Rc6 20. Ne5 Re6 21. Qf3 Bb4 22. Nxf7 Rxf7 23. Rxe6 Nxg4 24. Qe4 Rxf2+ 25. Kg1 Qh4 26. Re8+ Bf8 27. Rxf8+ Kxf8 28. Ba3+ Kg8 29. Qe8+ Kh7 30. Qe4+ Kh6 31. Bd6 Qxh3 32. Bf4+ g5 33. Qe6+ Kh7 34. Qd7+ Kh6 35. Qe6+ Kh7 36. Qe7+ Kh6 37. Qxg5+ Kh7 38. Qf5+ Kg7 39. Qg5+ Kf8 40. Qf5+ Kg7 41. Qg5+ 1/2-1/2

[Event "Budapest One Week IM-A 02"]
[Site "Budapest"]
[Date "2024.02.27"]
[Round "2"]
[White "Goczo, Melinda"]
[Black "Horvath, David G"]
[Result "0-1"]
[WhiteElo "2201"]
[BlackElo "2330"]
[PlyCount "64"]
[EventDate "2024.02.26"]
[EventType "tourn"]
[EventRounds "9"]
[EventCountry "HUN"]
[EventCategory "1"]
[SourceTitle "CB11_2024"]
[SourceDate "2024.03.13"]
[SourceVersion "1"]
[SourceVersionDate "2024.03.13"]
[SourceQuality "1"]

1. d4 e6 2. e4 d5 3. exd5 exd5 4. Bd3 Nf6 5. c3 Bd6 6. Qc2 h6 7. Ne2 0-0 8. Bf4 Bxf4 9. Nxf4 Re8+ 10. Ne2 b6 11. 0-0 c5 12. b3 Nc6 13. Bb5 Qd6 14. Nd2 Bg4 15. f3 Bd7 16. Bxc6 Qxc6 17. Qd3 c4 18. bxc4 dxc4 19. Nxc4 Bf5 20. Qxf5 Qxc4 21. Ng3 Qxc3 22. Rad1 Rad8 23. Ne4 Qe3+ 24. Kh1 Nd5 25. Rfe1 Qa3 26. Rd2 Qb4 27. h4 Rxe4 28. fxe4 Qxd2 29. Rf1 Ne3 30. Qxf7+ Kh8 31. Rg1 Qxd4 32. Qe7 Qd6 0-1

[Event "Budapest SixDays 09 IM-A"]
[Site "Budapest"]
[Date "2023.09.21"]
[Round "6"]
[White "Horvath, David G"]
[Black "Belunek, Vladimir"]
[Result "1/2-1/2"]
[WhiteElo "2334"]
[BlackElo "2179"]
[PlyCount "43"]
[EventDate "2023.09.18"]
[EventType "tourn"]
[EventRounds "9"]
[EventCountry "HUN"]
[SourceTitle "EXT 2024"]
[Source "ChessBase"]
[SourceDate "2023.10.10"]
[SourceVersion "1"]
[SourceVersionDate "2023.10.10"]
[SourceQuality "1"]

1. d4 Nf6 2. c4 e6 3. Nf3 d5 4. g3 Be7 5. Bg2 0-0 6. 0-0 dxc4 7. Qc2 a6 8. Qxc4 b5 9. Qc2 Bb7 10. Bd2 Be4 11. Qc1 Bb7 12. Bf4 Bd6 13. Nbd2 Bxf4 14. gxf4 Nbd7 15. Nb3 Bd5 16. Ne5 Bxg2 17. Kxg2 Nxe5 18. fxe5 Nd5 19. e4 Qh4 20. f4 Ne7 21. Qe3 f5 22. Qh3 1/2-1/2

[Event "Budapest SixDays 09 IM-A"]
[Site "Budapest"]
[Date "2023.09.18"]
[Round "1"]
[White "Pribelszky, Bence"]
[Black "Horvath, David G"]
[Result "1/2-1/2"]
[WhiteElo "2417"]
[BlackElo "2334"]
[PlyCount "34"]
[EventDate "2023.09.18"]
[EventType "tourn"]
[EventRounds "9"]
[EventCountry "HUN"]
[SourceTitle "EXT 2024"]
[Source "ChessBase"]
[SourceDate "2023.10.10"]
[SourceVersion "1"]
[SourceVersionDate "2023.10.10"]
[SourceQuality "1"]

1. e4 e6 2. d3 d5 3. Qe2 dxe4 4. dxe4 e5 5. Nf3 Nc6 6. c3 Nf6 7. b4 Bd6 8. Nbd2 0-0 9. Nc4 b5 10. Nxd6 cxd6 11. Bg5 a5 12. Bxf6 Qxf6 13. Qe3 axb4 14. Bxb5 Bd7 15. 0-0 Ra3 16. Rfc1 Rc8 17. Rab1 h6 1/2-1/2

[Event "Budapest SixDays 09 IM"]
[Site "Budapest"]
[Date "2023.09.16"]
[Round "7"]
[White "Terbe, Julianna"]
[Black "Horvath, David G"]
[Result "1/2-1/2"]
[WhiteElo "2304"]
[BlackElo "2334"]
[PlyCount "27"]
[EventDate "2023.09.12"]
[EventType "tourn"]
[EventRounds "9"]
[EventCountry "HUN"]
[EventCategory "1"]
[SourceTitle "EXT 2024"]
[Source "ChessBase"]
[SourceDate "2023.10.10"]
[SourceVersion "1"]
[SourceVersionDate "2023.10.10"]
[SourceQuality "1"]

1. Nf3 Nf6 2. c4 c6 3. d4 d5 4. g3 g6 5. Bg2 Bg7 6. 0-0 0-0 7. Qb3 a5 8. cxd5 a4 9. Qd1 cxd5 10. Nc3 Qa5 11. Bd2 e6 12. b3 axb3 13. Qxb3 Nc6 14. e3 1/2-1/2

[Event "Budapest SixDays 09 IM"]
[Site "Budapest"]
[Date "2023.09.15"]
[Round "6"]
[White "Horvath, David G"]
[Black "Pribelszky, Bence"]
[Result "1/2-1/2"]
[WhiteElo "2334"]
[BlackElo "2417"]
[PlyCount "136"]
[EventDate "2023.09.12"]
[EventType "tourn"]
[EventRounds "9"]
[EventCountry "HUN"]
[EventCategory "1"]
[SourceTitle "EXT 2024"]
[Source "ChessBase"]
[SourceDate "2023.10.10"]
[SourceVersion "1"]
[SourceVersionDate "2023.10.10"]
[SourceQuality "1"]

1. Nf3 Nf6 2. c4 b6 3. g3 Bb7 4. Bg2 g6 5. 0-0 Bg7 6. d4 0-0 7. d5 Ne4 8. Qc2 f5 9. Rd1 c6 10. Nc3 Nxc3 11. bxc3 Na6 12. Nd4 cxd5 13. cxd5 Nc5 14. Rb1 Ba6 15. a4 Rc8 16. Ba3 Qe8 17. a5 bxa5 18. Nb5 Bxb5 19. Rxb5 Ne4 20. Bxe4 Rxc3 21. Qa4 fxe4 22. Bb2 Qf7 23. Rf1 e3 24. f3 Rc7 25. Bxg7 Qxg7 26. Qe4 Qc3 27. Qxe7 a6 28. Rbb1 Qd2 29. Rfe1 Qxd5 30. Qxe3 Qc5 31. Qxc5 Rxc5 32. Rb2 Rd5 33. Kf2 Kf7 34. Rc1 Ke7 35. Rc4 Rf6 36. Rh4 h5 37. Rc4 Rc6 38. Re4+ Kd6 39. h4 Kc7 40. g4 Rdc5 41. gxh5 gxh5 42. Rd2 Rc4 43. Re7 Rd6 44. Ra2 a4 45. e4 Rd3 46. Rf7 a3 47. e5 Kd8 48. e6 dxe6 49. Ra7 Rf4 50. Ke1 Re3+ 51. Kd1 Rd3+ 52. Ke1 Rdxf3 53. Rg2 Rg4 54. Rd2+ Ke8 55. Rd6 Re4+ 56. Kd2 Rff4 57. Rb6 Rd4+ 58. Ke3 Rfe4+ 59. Kf3 Rf4+ 60. Ke3 Rfe4+ 61. Kf3 Rxh4 62. Rxe6+ Kd8 63. Rh6 Rhf4+ 64. Kg2 Rg4+ 65. Kh3 Rd3+ 66. Kh2 Rd2+ 67. Kh3 Rd3+ 68. Kh2 Rd2+ 1/2-1/2

[Event "Budapest SixDays 08 IM"]
[Site "Budapest"]
[Date "2023.08.01"]
[Round "3"]
[White "Laddha, Yash Jayesh"]
[Black "Horvath, David G"]
[Result "1/2-1/2"]
[WhiteElo "2076"]
[BlackElo "2353"]
[PlyCount "20"]
[EventDate "2023.07.31"]
[EventType "tourn"]
[EventRounds "9"]
[EventCountry "HUN"]
[SourceTitle "CBM 215 Extra"]
[Source "ChessBase"]
[SourceDate "2023.09.30"]
[SourceVersion "1"]
[SourceVersionDate "2023.09.30"]
[SourceQuality "1"]

1. e4 e6 2. d4 d5 3. Nc3 Nf6 4. e5 Nfd7 5. f4 c5 6. Nf3 Nc6 7. Be3 Be7 8. Qd2 0-0 9. dxc5 Nxc5 10. 0-0-0 a6 1/2-1/2

[Event "Budapest SixDays 05 IM"]
[Site "Budapest"]
[Date "2023.05.28"]
[Round "2"]
[White "Horvath, David G"]
[Black "Tancsa, Tamas"]
[Result "1/2-1/2"]
[WhiteElo "2362"]
[BlackElo "2189"]
[PlyCount "37"]
[EventDate "2023.05.27"]
[EventType "tourn"]
[EventRounds "9"]
[EventCountry "HUN"]
[SourceTitle "CBM 214 Extra"]
[Source "ChessBase"]
[SourceDate "2023.07.31"]
[SourceVersion "1"]
[SourceVersionDate "2023.07.31"]
[SourceQuality "1"]

1. d4 Nf6 2. Nf3 e6 3. Bf4 b6 4. e3 Bb7 5. Bd3 c5 6. h3 Nc6 7. c3 d6 8. 0-0 Qe7 9. e4 e5 10. dxe5 dxe5 11. Be3 Qc7 12. Nbd2 Be7 13. Qe2 a6 14. a4 0-0 15. Rac1 Rfd8 16. Rfd1 Rd7 17. Nf1 Na5 18. N3d2 Rad8 19. Bxa6 1/2-1/2

[Event "Budapest SixDays 03 IM"]
[Site "Budapest"]
[Date "2023.03.27"]
[Round "5"]
[White "Horvath, David G"]
[Black "Pham, Tran Gia Phuc"]
[Result "1/2-1/2"]
[WhiteElo "2380"]
[BlackElo "2238"]
[PlyCount "119"]
[EventDate "2023.03.24"]
[EventType "tourn"]
[EventRounds "9"]
[EventCountry "HUN"]
[SourceTitle "CBM 213 Extra"]
[Source "ChessBase"]
[SourceDate "2023.05.31"]
[SourceVersion "1"]
[SourceVersionDate "2023.05.31"]
[SourceQuality "1"]

1. d4 Nf6 2. c4 e6 3. Nf3 c5 4. e3 d5 5. Nc3 Nc6 6. a3 a6 7. dxc5 Bxc5 8. b4 Bd6 9. cxd5 exd5 10. Bb2 0-0 11. Be2 h6 12. 0-0 Be6 13. Rc1 Qe7 14. Qc2 Rad8 15. Na4 a5 16. b5 Nb8 17. Ra1 Nbd7 18. Bc3 Ne4 19. Bxa5 Rc8 20. Qd1 Bxa3 21. Nd4 Ra8 22. Be1 Rfc8 23. Bf3 Bd6 24. Nc3 Ndf6 25. Nxe6 Qxe6 26. Rxa8 Rxa8 27. g3 Be5 28. Qb3 Qf5 29. Nxe4 Qxf3 30. Nxf6+ Bxf6 31. Qb4 Qe2 32. Bc3 Bxc3 33. Qxc3 Qxb5 34. Rc1 Rd8 35. Qe5 Qe8 36. Qxe8+ Rxe8 37. Rc7 Rb8 38. Rd7 b5 39. Rxd5 Kf8 40. Kf1 b4 41. Ke2 b3 42. Rd1 Ke7 43. Rb1 b2 44. Kd3 Kd6 45. Kc3 Kd5 46. f3 g5 47. h3 h5 48. Rxb2 Rc8+ 49. Kd3 Ke5 50. Rb5+ Kf6 51. f4 gxf4 52. gxf4 Kg6 53. Rg5+ Kh6 54. Ke4 Rc3 55. h4 Rc1 56. Kf5 Re1 57. e4 Rh1 58. Kf6 Rxh4 59. f5 Rg4 60. Rxg4 1/2-1/2

[Event "HUN-chT 1819"]
[Site "Hungary"]
[Date "2019.04.27"]
[Round "8.1"]
[White "Groszpeter, Attila"]
[Black "Horvath, David G"]
[Result "1-0"]
[WhiteElo "2437"]
[BlackElo "2375"]
[PlyCount "127"]
[EventDate "2018.11.17"]
[EventType "team-tourn"]
[EventRounds "9"]
[EventCountry "HUN"]
[SourceTitle "CBM 190 Extra"]
[Source "ChessBase"]
[SourceDate "2019.07.15"]
[SourceVersion "1"]
[SourceVersionDate "2019.07.15"]
[SourceQuality "1"]
[WhiteTeam "Paks"]
[BlackTeam "Kobanya Aquarena"]
[WhiteTeamCountry "HUN"]
[BlackTeamCountry "HUN"]

1. e4 e6 2. d4 d5 3. Nc3 Nf6 4. Bg5 dxe4 5. Nxe4 Be7 6. Bxf6 gxf6 7. Nf3 f5 8. Nc3 a6 9. g3 b5 10. Bg2 Bb7 11. 0-0 0-0 12. Ne5 Bxg2 13. Kxg2 c5 14. Qf3 Ra7 15. d5 b4 16. Ne2 Qxd5 17. Qxd5 exd5 18. Rad1 Rd8 19. Nf4 d4 20. Rfe1 Rc7 21. b3 Bg5 22. Nfd3 Kf8 23. Re2 Bf6 24. Nc4 Rc6 25. a3 bxa3 26. Ra1 Nd7 27. Rxa3 Re8 28. Rxe8+ Kxe8 29. Kf3 Ke7 30. Ra5 Bg7 31. h4 f6 32. Ke2 Bh6 33. f4 Bf8 34. Kf2 h5 35. Ke2 Ke6 36. Kd2 Be7 37. Ra1 Bd8 38. Ke2 Bc7 39. Kf3 Nf8 40. Rxa6 Rxa6 41. Nxc5+ Kd5 42. Nxa6 Ne6 43. Nb4+ Kc5 44. Nd3+ Kd5 45. Ke2 Bd8 46. Nd2 Ba5 47. b4 Bb6 48. Nc1 Kc6 49. Kd3 Kb5 50. Ne2 Kxb4 51. Nb3 Bc7 52. Nexd4 Bxf4 53. gxf4 Nxf4+ 54. Kd2 Ng6 55. Nxf5 Ne5 56. Nbd4 Kc4 57. c3 Kd5 58. Ke3 Kc4 59. Ne2 Kd5 60. Nf4+ Kc4 61. Kd2 Nf3+ 62. Kc2 Ne1+ 63. Kb2 Nd3+ 64. Nxd3 1-0

[Event "HUN-chT2 Maroczy 1718"]
[Site "Hungary"]
[Date "2018.03.04"]
[Round "7.2"]
[White "Horvath, David G"]
[Black "Meszaros, Andras"]
[Result "1/2-1/2"]
[WhiteElo "2378"]
[BlackElo "2258"]
[PlyCount "77"]
[EventDate "2017.10.29"]
[EventType "team-tourn"]
[EventRounds "9"]
[EventCountry "HUN"]
[SourceTitle "EXT 2021"]
[Source "ChessBase"]
[SourceDate "2020.10.23"]
[SourceVersion "1"]
[SourceVersionDate "2020.10.23"]
[SourceQuality "1"]
[WhiteTeam "Budapest Kobanya II"]
[BlackTeam "Taban Spartacus"]
[WhiteTeamCountry "HUN"]
[BlackTeamCountry "HUN"]

1. Nf3 d5 2. c4 c6 3. e3 Nf6 4. Nc3 g6 5. d4 Bg7 6. Be2 0-0 7. 0-0 a6 8. a4 dxc4 9. Bxc4 c5 10. d5 Bg4 11. h3 Bxf3 12. Qxf3 Nbd7 13. Qe2 Ne8 14. e4 Nd6 15. Bd3 Rc8 16. Bf4 c4 17. Bc2 Ne5 18. Be3 Nd3 19. Bxd3 cxd3 20. Qxd3 Nc4 21. Nd1 f5 22. Rc1 b5 23. axb5 axb5 24. f4 Qd7 25. e5 g5 26. g3 Rcd8 27. b3 Nxe5 28. fxe5 f4 29. gxf4 Qxh3 30. Qe4 gxf4 31. Bf2 Rf5 32. Qg2 Qh6 33. Bg3 fxg3 34. Rxf5 Qxc1 35. Qf3 Qd2 36. e6 Rc8 37. Rf7 Qd4+ 38. Kg2 Qh4 39. Ne3 1/2-1/2

[Event "HUN-chT 1718"]
[Site "Hungary"]
[Date "2018.02.18"]
[Round "6.8"]
[White "Kantor, Gergely"]
[Black "Horvath, David G"]
[Result "1/2-1/2"]
[WhiteElo "2514"]
[BlackElo "2377"]
[PlyCount "116"]
[EventDate "2017.11.25"]
[EventType "team-tourn"]
[EventRounds "9"]
[EventCountry "HUN"]
[SourceTitle "EXT 2019"]
[Source "ChessBase"]
[SourceDate "2018.10.10"]
[SourceVersion "1"]
[SourceVersionDate "2018.10.10"]
[SourceQuality "1"]
[WhiteTeam "Aquaprofit"]
[BlackTeam "Kobanya Aquarena"]
[WhiteTeamCountry "HUN"]
[BlackTeamCountry "HUN"]

1. d4 Nf6 2. c4 e6 3. g3 d5 4. Bg2 c5 5. Nf3 Nc6 6. cxd5 exd5 7. 0-0 Be7 8. dxc5 Bxc5 9. a3 a5 10. Qc2 Be7 11. Nc3 Be6 12. Rd1 Qc8 13. Bg5 0-0 14. Bxf6 Bxf6 15. Nxd5 Bxd5 16. Rxd5 Qe6 17. Rc5 Nd4 18. Nxd4 Bxd4 19. Rb5 Rac8 20. Qd2 Rfd8 21. e3 Bc3 22. Qe2 Rd2 23. Qh5 Rxb2 24. Rxb2 Bxb2 25. Bh3 Qb6 26. Bxc8 Bxa1 27. Qd5 g6 28. Bxb7 Bb2 29. a4 Bc3 30. Bc6 Qc7 31. Bb5 Qe5 32. Qd7 Bb4 33. Bc4 Qe7 34. Qd5 Kg7 35. Kg2 Bc3 36. g4 h6 37. h3 Bb4 38. Bb3 Qf6 39. h4 g5 40. h5 Bc3 41. Qd7 Bb4 42. Kf1 Bc3 43. Qe8 Bb4 44. Qd7 Qe7 45. Qd5 Bc3 46. Bc4 Qc7 47. Bb3 Bb2 48. Ke2 Bc3 49. Kd3 Be5 50. Ke4 Bc3 51. Bc4 Bf6 52. Kf3 Bc3 53. Kg2 Be5 54. e4 Bf6 55. Bb3 Be5 56. Bc4 Bf6 57. Bb3 Be5 58. Bc4 Bf6 1/2-1/2

[Event "HUN-chT2 Maroczy 1718"]
[Site "Hungary"]
[Date "2017.12.03"]
[Round "3.1"]
[White "Horvath, David G"]
[Black "Furedi, Erik"]
[Result "1-0"]
[WhiteElo "2378"]
[BlackElo "2311"]
[PlyCount "49"]
[EventDate "2017.10.29"]
[EventType "team-tourn"]
[EventRounds "9"]
[EventCountry "HUN"]
[SourceTitle "EXT 2021"]
[Source "ChessBase"]
[SourceDate "2020.10.23"]
[SourceVersion "1"]
[SourceVersionDate "2020.10.23"]
[SourceQuality "1"]
[WhiteTeam "Budapest Kobanya II"]
[BlackTeam "Budapest Vasas"]
[WhiteTeamCountry "HUN"]
[BlackTeamCountry "HUN"]

1. d4 f5 2. c4 Nf6 3. Nf3 g6 4. g3 Bg7 5. Bg2 0-0 6. 0-0 d6 7. Nc3 Nc6 8. d5 Ne5 9. Nxe5 dxe5 10. Qb3 e4 11. Rd1 Kh8 12. c5 e6 13. Bg5 exd5 14. Nxd5 Be6 15. Bxf6 Rxf6 16. Qxb7 Bxd5 17. Rxd5 Qb8 18. Qxb8+ Rxb8 19. b3 Ra6 20. Rad1 Bf6 21. Rd7 Rc6 22. Rf7 Rg8 23. Rdd7 Rg7 24. Rxg7 Bxg7 25. Rd8+ 1-0

[Event "HUN-chT2 Maroczy 1718"]
[Site "Hungary"]
[Date "2017.10.29"]
[Round "1.1"]
[White "Horvath, David G"]
[Black "Lorand, Norbert"]
[Result "1/2-1/2"]
[WhiteElo "2378"]
[BlackElo "2291"]
[PlyCount "33"]
[EventDate "2017.10.29"]
[EventType "team-tourn"]
[EventRounds "9"]
[EventCountry "HUN"]
[SourceTitle "EXT 2021"]
[Source "ChessBase"]
[SourceDate "2020.10.23"]
[SourceVersion "1"]
[SourceVersionDate "2020.10.23"]
[SourceQuality "1"]
[WhiteTeam "Budapest Kobanya II"]
[BlackTeam "Dunaharaszti II"]
[WhiteTeamCountry "HUN"]
[BlackTeamCountry "HUN"]

1. d4 d5 2. Nf3 Nf6 3. c4 e6 4. g3 dxc4 5. Bg2 a6 6. 0-0 Nc6 7. Bg5 Be7 8. e3 Rb8 9. Qc1 Na5 10. Nbd2 Bd7 11. Ne5 h6 12. Bxf6 Bxf6 13. Nxd7 Qxd7 14. Nxc4 Nxc4 15. Qxc4 0-0 16. Rac1 c6 17. Rfd1 1/2-1/2

[Event "HUN-chT 1617"]
[Site "Hungary"]
[Date "2017.04.09"]
[Round "9.6"]
[White "Horvath, David G"]
[Black "Groszpeter, Attila"]
[Result "1/2-1/2"]
[WhiteElo "2380"]
[BlackElo "2444"]
[PlyCount "23"]
[EventDate "2016.10.30"]
[EventType "team-tourn"]
[EventRounds "9"]
[EventCountry "HUN"]
[SourceTitle "EXT 2018"]
[Source "ChessBase"]
[SourceDate "2017.10.13"]
[SourceVersion "1"]
[SourceVersionDate "2017.10.13"]
[SourceQuality "1"]
[WhiteTeam "Kobanya Aquarena"]
[BlackTeam "Paks"]
[WhiteTeamCountry "HUN"]
[BlackTeamCountry "HUN"]

1. d4 Nf6 2. Nf3 e6 3. c4 d5 4. Nc3 Be7 5. Bg5 h6 6. Bh4 0-0 7. e3 b6 8. Rc1 Bb7 9. cxd5 Nxd5 10. Bxe7 Qxe7 11. Be2 Rc8 12. 0-0 1/2-1/2

[Event "Budapest Spring op"]
[Site "Budapest"]
[Date "2017.03.26"]
[Round "9"]
[White "Kantor, Gergely"]
[Black "Horvath, David G"]
[Result "1-0"]
[WhiteElo "2479"]
[BlackElo "2375"]
[PlyCount "111"]
[EventDate "2017.03.18"]
[EventType "swiss"]
[EventRounds "9"]
[EventCountry "HUN"]
[SourceTitle "CBM 177 Extra"]
[Source "ChessBase"]
[SourceDate "2017.04.27"]
[SourceVersion "1"]
[SourceVersionDate "2017.04.27"]
[SourceQuality "1"]

1. d4 d5 2. c4 c6 3. Nf3 Nf6 4. e3 a6 5. Nc3 Bf5 6. Ne5 Nbd7 7. Qb3 Qc7 8. cxd5 Nxe5 9. dxe5 Nxd5 10. Nxd5 cxd5 11. Bd2 Qxe5 12. Rc1 b5 13. Rc5 Bd7 14. Bc3 Qe4 15. Rxd5 e6 16. Rd4 Qc6 17. Bd3 f5 18. 0-0 Bc5 19. Rh4 0-0 20. e4 Kh8 21. Qd1 Be8 22. Qd2 f4 23. e5 h6 24. Rxf4 Rxf4 25. Qxf4 Rd8 26. Be4 Qc7 27. Rc1 Bh5 28. Bd2 Qe7 29. Be3 Bxe3 30. Qxe3 Qb4 31. b3 Bf7 32. h3 Bg8 33. Bg6 Bh7 34. Bf7 Qe7 35. Qb6 Bf5 36. Qc7 Qf8 37. Bh5 Be4 38. Qf7 Qxf7 39. Bxf7 Rd5 40. Re1 Bf5 41. g4 Rd7 42. gxf5 Rxf7 43. fxe6 Re7 44. f4 Rxe6 45. f5 Re8 46. Kg2 Kg8 47. Kf3 Rc8 48. Rd1 Rc2 49. Rd8+ Kf7 50. e6+ Ke7 51. Rd7+ Kf8 52. Rd8+ Ke7 53. Rd7+ Kf8 54. Rf7+ Kg8 55. Ra7 Kf8 56. Rxa6 1-0

[Event "Budapest Spring op"]
[Site "Budapest"]
[Date "2017.03.25"]
[Round "8"]
[White "Horvath, David G"]
[Black "Flom, Gabriel"]
[Result "1-0"]
[WhiteElo "2375"]
[BlackElo "2440"]
[PlyCount "47"]
[EventDate "2017.03.18"]
[EventType "swiss"]
[EventRounds "9"]
[EventCountry "HUN"]
[SourceTitle "CBM 177 Extra"]
[Source "ChessBase"]
[SourceDate "2017.04.27"]
[SourceVersion "1"]
[SourceVersionDate "2017.04.27"]
[SourceQuality "1"]

1. Nf3 g6 2. g3 Bg7 3. Bg2 e5 4. d3 d5 5. 0-0 Ne7 6. c4 0-0 7. cxd5 Nxd5 8. Bg5 f6 9. Bd2 Be6 10. Nc3 Nxc3 11. Bxc3 Nc6 12. Qa4 Qd7 13. Rfc1 Rab8 14. Bd2 Rfd8 15. Be3 a6 16. Nd2 Bd5 17. Bxd5+ Qxd5 18. Rc5 Qe6 19. Rac1 Bf8 20. Rxc6 bxc6 21. Rxc6 Rd6 22. Rxc7 Rxb2 23. Ne4 Rd8 24. Qc4 1-0

[Event "Budapest Spring op"]
[Site "Budapest"]
[Date "2017.03.21"]
[Round "4"]
[White "Horvath, David G"]
[Black "Kobo, Ori"]
[Result "1/2-1/2"]
[WhiteElo "2375"]
[BlackElo "2501"]
[PlyCount "41"]
[EventDate "2017.03.18"]
[EventType "swiss"]
[EventRounds "9"]
[EventCountry "HUN"]
[SourceTitle "CBM 177 Extra"]
[Source "ChessBase"]
[SourceDate "2017.04.27"]
[SourceVersion "1"]
[SourceVersionDate "2017.04.27"]
[SourceQuality "1"]

1. Nf3 g6 2. g3 Bg7 3. Bg2 d5 4. d4 Nd7 5. 0-0 Ngf6 6. Nbd2 0-0 7. Re1 c5 8. c3 b6 9. e4 dxe4 10. Nxe4 Nxe4 11. Rxe4 Bb7 12. Re1 e6 13. Be3 Qc8 14. dxc5 bxc5 15. Qe2 a5 16. Rad1 a4 17. Qd2 Nb6 18. Bh6 Bd5 19. Bxg7 Kxg7 20. c4 Bxf3 21. Bxf3 1/2-1/2